Money management na forexovom trhu bakalárska práca

Saved in:
Bibliographic Details
Main Author: Hôrčik, Adrián
Corporate Author: Národohospodárska fakulta EU. Katedra bankovníctva a medzinárodných financií
Other Authors: Kotlebová, Jana, 1969-
Format: Book
Language:Slovak
Published: Bratislava 2022
Tags: Add Tag
No Tags, Be the first to tag this record!

MARC

LEADER 00000nbm a2200000 4500
001 0284913
005 20221006133454.4
041 0 |a slo 
044 |a SK 
245 1 0 |a Money management na forexovom trhu  |b bakalárska práca  |c Adrián Hôrčik ; školiteľ: Jana Kotlebová 
264 1 |a Bratislava  |c 2022 
300 |a 45 s. 
100 1 |a Hôrčik, Adrián 
700 1 |a Kotlebová, Jana, 1969- 
710 2 |a Národohospodárska fakulta EU. Katedra bankovníctva a medzinárodných financií